Govt. of
Madhya Pradesh

Environment And The Moral Life: (Record no. 2968)

MARC details
000 -LEADER
fixed length control field 004760000a22001810004500
003 - CONTROL NUMBER IDENTIFIER
control field MACL
005 - DATE AND TIME OF LATEST TRANSACTION
control field 20150731160246.0
008 - FIXED-LENGTH DATA ELEMENTS--GENERAL INFORMATION
fixed length control field 150731b xxu||||| |||| 00| 0 eng d
040 ## - CATALOGING SOURCE
Original cataloging agency MACL
Transcribing agency MACL
041 ## - LANGUAGE CODE
Language code of text/sound track or separate title English
082 ## - DEWEY DECIMAL CLASSIFICATION NUMBER
Classification number 363/CHA
100 ## - MAIN ENTRY--PERSONAL NAME
Personal name Chahal, S.K.
9 (RLIN) 3826
245 ## - TITLE STATEMENT
Title Environment And The Moral Life:
Remainder of title Toward a new Paradigm
260 ## - PUBLICATION, DISTRIBUTION, ETC. (IMPRINT)
Name of publisher, distributor, etc. Ashish Publishing House
Date of publication, distribution, etc. 1994
Place of publication, distribution, etc. New Delhi
350 ## - PRICE (NR) (BK AM CF MU VM SE) [OBSOLETE]
Price 200
650 ## - SUBJECT ADDED ENTRY--TOPICAL TERM
Topical term or geographic name as entry element Social Science
9 (RLIN) 3827
942 ## - ADDED ENTRY ELEMENTS (KOHA)
Koha item type Books
Call number prefix 363
Source of classification or shelving scheme
Holdings
Withdrawn status Lost status Source of classification or shelving scheme Damaged status Not for loan Home library Current library Date acquired Cost, normal purchase price Total Checkouts Full call number Barcode Date last seen Uniform Resource Identifier Price effective from Koha item type
          MACL MACL 15/04/2015 200.00   363/CHA CRE008067 02/05/2024 2956 15/04/2015 Books